00281pab a2200121 454500008004000000100001800040245003700058260000900095300001300104362000800117650001800125773001600143180718b2012 xxu||||| |||| 00| 0 eng d aSunanda, Mary aNeed for greater reforms in ICDS c2012 ap.35-38. aSep aChild welfare aKurukshetra